| 000 | 00414nam a22001697a 4500 | ||
|---|---|---|---|
| 003 | LK-CoDNM | ||
| 005 | 20250807132147.0 | ||
| 008 | 250807b |||||||| |||| 00| 0 eng d | ||
| 040 |
_aLK-CoDNM _dLK-CoDNM _eLK-CoDNM |
||
| 041 | _apli | ||
| 080 |
_aZ _b11 |
||
| 245 | _aකඩඉම් පොත/kadaim potha | ||
| 300 | _afolls48,33cm | ||
| 650 | _aපුස්කොල | ||
| 650 | _apalm leaf | ||
| 942 | _cPL | ||
| 999 |
_c240253 _d240253 |
||